000 01135nam a2200361 c 4500
001 6447
003 ES-MaCES
005 20150929124556.0
008 980204s1997 sp ||| | spa d
017 _aM. 26.892-1997
_bDL
035 _aCES19980065067m
040 _aES-MaCES
_bspa
_cES-MaCES
245 0 0 _aDerecho de obligaciones
_cdirector, Jesús Corbal Fernández
260 _aMadrid
_bConsejo General del Poder Judicial
_c1996 (D.L. 1997)
300 _a728 p.
_c22 cm
490 1 _aCuadernos de derecho judicial
_v8-1996
504 _aBibliografía
541 _cGratuito
650 4 _aobligaciones
_931081
650 4 _ahipoteca
_928116
650 4 _adeuda
_928111
650 4 _acontrato
_929505
650 4 _aEspaña
_926964
650 4 _aaspecto jurídico
_927152
653 1 0 _aDerecho civil
650 4 _928107
_acrédito
700 1 _aCorbal Fernández, Jesús
_edir.
_99942
710 1 _aEspaña
_bConsejo General del Poder Judicial
_eed.
_92750
830 0 _aCuadernos de derecho judicial
_v8-1996
_932957
902 _aLIB Libro
942 _2CES
_cBK
_h6.0.7.
999 _c6447
_d6447